Ciudades españolas desde el cielo - Estadísticas

Estadísticas generales
  • Esta prueba ha sido intentada 26 veces
  • La puntuación promedio es 6 de 20
Estadísticas de respuestas
Imagen Respuesta % Correcto
Alicante
63%
La Coruña
56%
Santander
56%
Ceuta
44%
Gijón
44%
Huelva
38%
Santa Cruz de Tenerife
38%
Algeciras
31%
Cartagena
31%
Pamplona
25%
Villarreal
25%
Badajoz
19%
Gerona
19%
Getafe
19%
León
19%
Logroño
19%
Mahón
19%
Vitoria
19%
Albacete
13%
Huesca
13%
No se encontraron pruebas coincidentes
Distribución de puntuación
Porcentaje de gente con cada puntuación
Porcentaje por número respondido
Historial de tus puntuaciones
No has intentado esta prueba.